Hodnotenie vplyvu liberalizácie vstupu dodávateľov energií na podnikateľský sektor Slovenskej republiky
Salvato in:
| Autore principale: | |
|---|---|
| Altri autori: | |
| Natura: | Manoscritto Libro |
| Lingua: | slovacco |
| Pubblicazione: |
2016
|
| Soggetti: | |
| Accesso online: | http://is.stuba.sk/zp/portal_zp.pl?podrobnosti=121077 |
| Tags: |
Nessun Tag, puoi essere il primo ad aggiungerne!!
|
MARC
| LEADER | 00000ntm a22000003a 4500 | ||
|---|---|---|---|
| 001 | stuzp58234 | ||
| 003 | SK-STU | ||
| 005 | 20160719155513.6 | ||
| 007 | ta | ||
| 008 | 150427s2015----xo-----f-mn---000-0-slo-d | ||
| 040 | |a STU |b slo | ||
| 041 | 0 | |a slo | |
| 100 | 1 | |a Romanová, Paulína |u 902024 |4 aut |U Ústav manažmentu STU |T ÚM - Oddelenie manažmentu chemických a potravinárskych technológií |X 45000 |U R2024 |Y 408 |7 45000 | |
| 242 | 0 | 1 | |a Assessment of the Impact of Liberalization of Input Energy Suppliers to the Business Sector of the Slovak Republic |y eng |
| 245 | 1 | 0 | |a Hodnotenie vplyvu liberalizácie vstupu dodávateľov energií na podnikateľský sektor Slovenskej republiky |
| 260 | |c 2016 | ||
| 650 | 4 | |a monopol |2 slo | |
| 650 | 4 | |a unbundling |2 slo | |
| 650 | 4 | |a benchmarking |2 slo | |
| 650 | 4 | |a PEST analýza |2 slo | |
| 650 | 4 | |a konkurencieschopnosť |2 slo | |
| 650 | 4 | |a Porterov model piatich síl |2 slo | |
| 650 | 4 | |a analytický hierarchický proces |2 slo | |
| 650 | 4 | |a liberalizácia |2 slo | |
| 650 | 4 | |a Porter five forces model |2 eng | |
| 650 | 4 | |a unbundling |2 eng | |
| 650 | 4 | |a PEST analysis |2 eng | |
| 650 | 4 | |a monopoly |2 eng | |
| 650 | 4 | |a competitiveness |2 eng | |
| 650 | 4 | |a benchmarking |2 eng | |
| 650 | 4 | |a liberalization |2 eng | |
| 650 | 4 | |a analytic hierarchy process |2 eng | |
| 700 | 1 | |a Bondareva, Irina |u 902024 |k Z1 |4 ths |U Ústav manažmentu STU |T ÚM - Oddelenie manažmentu chemických a potravinárskych technológií |X 52327 |U R2024 |Y 408 |7 52327 | |
| 856 | 4 | |u http://is.stuba.sk/zp/portal_zp.pl?podrobnosti=121077 | |
| SQL | |a stuzp58234 |b DDP |c SLO |d Hodnotenie vplyvu liberalizácie vstupu dodávateľov energií na podnikateľský sektor Slovenskej republiky |e 45000 |f Romanová, Paulína |g 902024 |h 52327 |i Bondareva, Irina |j 20160607 |k 761 |l 04 |m http://is.stuba.sk/zp/portal_zp.pl?podrobnosti=121077 |n I-RTP |o 5.2.18. chemické technológie | ||